000
00287nam a2200121Ia 4500
008
240624s9999 xx 000 0 und d
041
_a
eng
082
_a
650.1 WYN
100
_a
WYNN GARRISON
245
_a
REAL TRUTH ABOUT SUCCESS
260
_c
2010
_a
New Delhi
_b
Wiley
365
_c
RS
_b
33
999
_c
26028
_d
26028